Gossip (Record no. 533824)

000 -LEADER
fixed length control field 00285nam a22001337a 4500
020 ## - INTERNATIONAL STANDARD BOOK NUMBER
International Standard Book Number 1861590423
040 ## - CATALOGING SOURCE
Transcribing agency MSOHAIL
082 ## - DEWEY DECIMAL CLASSIFICATION NUMBER
Classification number 823.94
100 ## - MAIN ENTRY--PERSONAL NAME
Personal name Katy Hayes
9 (RLIN) 27825
245 ## - TITLE STATEMENT
Title Gossip
260 ## - PUBLICATION, DISTRIBUTION, ETC.
Place of publication, distribution, etc. London
Name of publisher, distributor, etc. Orion Publishing;
Date of publication, distribution, etc. c2000
300 ## - PHYSICAL DESCRIPTION
Extent 281;pxv
942 ## - ADDED ENTRY ELEMENTS (KOHA)
Source of classification or shelving scheme
Koha item type Book
Holdings
Withdrawn status Lost status Source of classification or shelving scheme Damaged status Not for loan Permanent Location Current Location Date acquired Total Checkouts Full call number Barcode Date last seen Price effective from Koha item type
          School of Civil and Environmental Engineering (SCEE) School of Civil and Environmental Engineering (SCEE) 01/21/2020   823.94 NIT-9297 01/21/2020 01/21/2020 Book
© 2023 Central Library, National University of Sciences and Technology. All Rights Reserved.